[Event "Foment Martinenc op-C 17th"]
[Site "Barcelona"]
[Date "2015.06.13"]
[Round "8"]
[White "Punsola Mena, Pol"]
[Black "Carre Rodriguez, Rafael"]
[Result "1/2-1/2"]
[WhiteElo "1754"]
[BlackElo "1820"]
[PlyCount "55"]
[EventDate "2015.04.25"]
[EventType "swiss"]
[EventRounds "9"]
[EventCountry "ESP"]
[SourceTitle "EXT 2017"]
[Source "ChessBase"]
[SourceDate "2016.10.25"]
[SourceVersion "1"]
[SourceVersionDate "2016.10.25"]
[SourceQuality "1"]

1. e4 c5 2. Nf3 d6 3. Bb5+ Bd7 4. Bxd7+ Qxd7 5. Nc3 Nf6 6. d4 cxd4 7. Qxd4 Nc6 8. Qd1 Qg4 9. 0-0 Nxe4 10. Nxe4 Qxe4 11. Re1 Qg6 12. b3 Qf6 13. Rb1 0-0-0 14. h3 h5 15. Bb2 Qg6 16. Qd2 Qh6 17. Qxh6 Rxh6 18. Ng5 Rg6 19. Nf3 Kb8 20. Nd4 a6 21. Nxc6+ bxc6 22. c4 d5 23. Rbd1 e6 24. a4 Bb4 25. Re3 Rh6 26. Bxg7 Rg6 27. Bb2 Rdg8 28. Be5+ 1/2-1/2

[Event "Foment Martinenc op-C 17th"]
[Site "Barcelona"]
[Date "2015.04.25"]
[Round "1"]
[White "Dominguez Laguna, Eduard"]
[Black "Carre Rodriguez, Rafael"]
[Result "0-1"]
[WhiteElo "1720"]
[BlackElo "1820"]
[PlyCount "74"]
[EventDate "2015.04.25"]
[EventType "swiss"]
[EventRounds "9"]
[EventCountry "ESP"]
[SourceTitle "EXT 2017"]
[Source "ChessBase"]
[SourceDate "2016.10.25"]
[SourceVersion "1"]
[SourceVersionDate "2016.10.25"]
[SourceQuality "1"]

1. e4 c5 2. Nc3 d6 3. Nf3 Nc6 4. d4 cxd4 5. Nxd4 Nf6 6. Bc4 e6 7. f4 g6 8. Be2 Bg7 9. Nf3 Qb6 10. Qxd6 Ng4 11. Qd2 Qf2+ 12. Kd1 0-0 13. Rf1 Qb6 14. Ke1 Rd8 15. Bd3 Nb4 16. Qe2 Bd7 17. Ng5 f5 18. e5 h6 19. Nf3 h5 20. Nh4 Kh7 21. h3 Nh6 22. Nf3 Bc6 23. Ng5+ Kh8 24. Nxe6 Re8 25. Ng5 Kg8 26. Bc4+ Kh8 27. e6 Nf7 28. Nxf7+ Kh7 29. e7 Bf6 30. Nd6 Rxe7 31. Be3 Rxe3 32. Nf7 Rxe2+ 33. Kxe2 Re8+ 34. Kd2 Qe3+ 35. Kd1 Bxg2 36. Ng5+ Kg7 37. h4 Bxf1 0-1